Communication Arts / Design Annual 40 (Record no. 5471)
[ view plain ]
| 000 -LEADER | |
|---|---|
| fixed length control field | 01136cam a22001934a 4500 |
| 005 - ΗΜΕΡΟΜΗΝΙΑ ΚΑΙ ΩΡΑ ΤΕΛΕΥΤΑΙΑΣ ΕΝΗΜΕΡΩΣΗΣ | |
| Πεδίο ελέγχου | 20250605163504.0 |
| 008 - FIXED-LENGTH DATA ELEMENTS--GENERAL INFORMATION | |
| Πεδίο ελέγχου σταθερού μήκους | 250528s ||||||||||||||||||||||||d |
| 035 ## - SYSTEM CONTROL NUMBER | |
| System control number | 20351 |
| 020 ## - ISBN | |
| ISBN | 103519 |
| 040 ## - ΠΗΓΗ ΚΑΤΑΛΟΓΟΓΡΑΦΗΣΗΣ | |
| Φορέας πρωτότυπης καταλογογράφησης | MC Athens Campus Library |
| Γλώσσα καταλογογράφησης | Ελληνικά, Μοντέρνα (1453-) |
| Modifying agency | MC Athens Campus Library |
| Κανόνες περιγραφικής καταλογογράφησης | AACR2 |
| 245 1# - ΤΙΤΛΟΣ ΚΑΙ ΔΗΛΩΣΗ ΥΠΕΥΘΥΝΟΤΗΤΑΣ | |
| Τίτλος | Communication Arts / Design Annual 40 |
| 260 ## - PUBLICATION, DISTRIBUTION, ETC. | |
| Name of publisher, distributor, etc. | Coyne & Blanchard, Inc, |
| Date of publication, distribution, etc. | 1999 |
| 300 ## - PHYSICAL DESCRIPTION | |
| Extent | 344 |
| 505 0# - FORMATTED CONTENTS NOTE | |
| Formatted contents note | Annual Reports, Posters, Packaging, Corporate Identity, Institutional Brochures, Letterheads, Editorial, Public Service, Self Promotion, Design Technology, Columns, Trendwatch, Design Issues, Legal Affairs, Advertising, Departments, Contributors, Book Reviews, Clubs and Conferences and Seminars, Index to the 40th Design Annual, Directory. |
| 520 ## - SUMMARY, ETC. | |
| Summary, etc. | Annual Reports, Posters, Packaging, Corporate Identity, Institutional Brochures, Letterheads, Editorial, Public Service, Self Promotion, Design Technology, Columns, Trendwatch, Design Issues, Legal Affairs, Advertising, Departments, Contributors, Book Reviews, Clubs and Conferences and Seminars, Index to the 40th Design Annual, Directory. |
| 942 ## - ADDED ENTRY ELEMENTS (KOHA) | |
| Koha item type | Books |
| Τύπος τεκμηρίου | Βιβλιοθήκη | Τρέχουσα τοποθεσία | Barcode | Αριθμός εισαγωγής | Ημερομηνία απόκτησης | Ταξιθετικό σύμβολο | Αριθμός αντιτύπου | Κατάσταση απόσυρσης | Κατάσταση χαμένου | Κατάσταση κατεστραμμένου | Μη δανεισμός | Σύνολο δανεισμών | Ημερομηνία τελευταίας εμφάνισης | Η τιμή ισχύει από |
|---|---|---|---|---|---|---|---|---|---|---|---|---|---|---|
| Books | MC Athens Campus Library | MC Athens Campus Library | 9780000054708 | 6801 | 05/06/2025 | 709.04 COY V.41 N.6 | 1 | 05/06/2025 | 05/06/2025 |